Central Library OPAC University of Rajshahi

সতত স্বাগত / (Record no. 44004)

MARC details
000 -LEADER
fixed length control field 00806nam a22002297a 4500
001 - CONTROL NUMBER
control field 44004
003 - CONTROL NUMBER IDENTIFIER
rucl marc code BD-RjUL
005 - DATE AND TIME OF LATEST TRANSACTION
control field 20211209053802.0
008 - FIXED-LENGTH DATA ELEMENTS--GENERAL INFORMATION
fixed length control field 160712s1983 bg ||||| |||| 00| 0 ben d
020 ## - INTERNATIONAL STANDARD BOOK NUMBER
Terms of availability : TK 23.00
035 ## - SYSTEM CONTROL NUMBER
System control number (BD-RjUL) 44122
040 ## - CATALOGING SOURCE
Original cataloging agency BD-RjUL
Language of cataloging ben
Transcribing agency BD-RjUL
041 ## - LANGUAGE CODE
Language code of text/sound track or separate title ben
082 ## - DEWEY DECIMAL CLASSIFICATION NUMBER
Edition number 23
Classification number 891.44092
Author mark and year AHS 1983
100 ## - MAIN ENTRY--PERSONAL NAME
Personal name আহসান, সৈয়দ আলী
9 (RLIN) 135165
245 10 - TITLE STATEMENT
Title সতত স্বাগত /
Statement of responsibility, etc. সৈয়দ আলী আহসান
260 ## - PUBLICATION, DISTRIBUTION, ETC. (IMPRINT)
Place of publication, distribution, etc. ঢাকা :
Name of publisher, distributor, etc. ইউনিভার্সিটি প্রেস,
Date of publication, distribution, etc. ১৯৮৩
300 ## - PHYSICAL DESCRIPTION
Pagination ১৯৪ পৃ. ;
Size ২১ সেমি.
650 ## - SUBJECT ADDED ENTRY--TOPICAL TERM
Topical term or geographic name as entry element Bengali Writer
General subdivision Biography
9 (RLIN) 135166
Topical term or geographic name as entry element বাংলা লেখক
General subdivision জীবনী
9 (RLIN) 135145
942 ## - ADDED ENTRY ELEMENTS (KOHA)
Source of classification or shelving scheme Dewey Decimal Classification
Koha item type Books
Holdings
Lost status Source of classification or shelving scheme Damaged status Not for loan Collection code Permanent Location Current Location Shelving location Date acquired Source of acquisition Cost, normal purchase price Total Checkouts Full call number Date last seen Copy number Koha item type
  Dewey Decimal Classification     Non-fiction Central Library, University of Rajshahi Central Library, University of Rajshahi   06/10/1988 U-press 23.00   B 891.44092 AHS 1983 12/07/2016 C-2 Books
  Dewey Decimal Classification   Not For Loan Non-fiction Central Library, University of Rajshahi Central Library, University of Rajshahi Reading Room 09/04/1984 Books B. P., Dhaka. 37.00   B 891.44092 AHS 1983 14/05/2017 C-1 Books